[Event "XIII American Continental"]
[Site "Montevideo URU"]
[Date "2018.06.09"]
[Round "10"]
[White "Ferrari, Carlos"]
[Black "Torres Acosta, Raul"]
[Result "1/2-1/2"]
[WhiteElo "1703"]
[BlackElo "1676"]
[EventDate "2018.06.01"]
[PlyCount "75"]

1.e4 e5 2.Nc3 Nf6 3.f4 d6 4.Nf3 Nc6 5.Bc4 Bd7 6.Ng5 Bg4 7.Bxf7+ Kd7 8.Nf3 
Qe7 9.Bc4 exf4 10.d3 g5 11.Bb5 d5 12.O-O Rd8 13.Qe1 Bxf3 14.Rxf3 dxe4 15.
dxe4 Qc5+ 16.Kh1 Kc8 17.Bxc6 Qxc6 18.e5 Nh5 19.h3 Ng3+ 20.Kh2 Bc5 21.Bd2 
Nf5 22.Ne4 Be3 23.Bxe3 Nxe3 24.Rxe3 fxe3 25.Qxe3 h6 26.Nf6 Qe6 27.b3 Rhf8 
28.Re1 b6 29.c4 Qc6 30.a4 a5 31.Nd5 Qe6 32.Qe4 Kb8 33.b4 axb4 34.Nxb4 Rf5 
35.Nc6+ Kc8 36.Na7+ Kb8 37.Nc6+ Kc8 38.Na7+ 1/2-1/2

[Event "XIII American Continental"]
[Site "Montevideo URU"]
[Date "2018.06.09"]
[Round "10"]
[White "Aprahamian, Tomas"]
[Black "Solari, Pablo"]
[Result "1-0"]
[WhiteElo "1399"]
[BlackElo "1678"]
[EventDate "2018.06.01"]
[PlyCount "85"]

1.d4 d5 2.Nf3 Nf6 3.e3 e6 4.Bd3 Bb4+ 5.c3 Be7 6.O-O O-O 7.Nbd2 c5 8.Qe2 
Nc6 9.dxc5 Bxc5 10.e4 Re8 11.Nb3 Be7 12.Bf4 dxe4 13.Bxe4 Nxe4 14.Qxe4 Qd5 
15.Qxd5 exd5 16.Nfd4 Bd7 17.Rad1 Bf6 18.Nb5 Be5 19.Bxe5 Rxe5 20.Nc5 Be6 
21.Nxb7 Rb8 22.N5d6 Re2 23.Rb1 Kf8 24.Rfe1 Rxe1+ 25.Rxe1 g6 26.b3 Ke7 27.
f4 Kd7 28.g3 Kc7 29.Kf2 Rxb7 30.Nxb7 Kxb7 31.Kf3 h5 32.Ke3 Kb6 33.Kd2 Kb5 
34.Rb1 a5 35.Re1 a4 36.Kc2 axb3+ 37.axb3 d4 38.cxd4 Nxd4+ 39.Kc3 Kc5 40.
b4+ Kb5 41.Kxd4 Kxb4 42.Rxe6 fxe6 43.Ke5 1-0

[Event "XIII American Continental"]
[Site "Montevideo URU"]
[Date "2018.06.09"]
[Round "10"]
[White "Araujo, Daniel"]
[Black "Stetsenko, Ilya"]
[Result "1-0"]
[WhiteElo "1529"]
[BlackElo "1461"]
[EventDate "2018.06.01"]
[PlyCount "75"]

1.d4 Nf6 2.c4 e6 3.Nf3 b6 4.Nc3 Bb4 5.a3 Bxc3+ 6.bxc3 O-O 7.Bg5 Bb7 8.e3 
h6 9.Bh4 d6 10.Bd3 Nbd7 11.O-O c5 12.Qe2 e5 13.dxe5 dxe5 14.Nd2 Qe7 15.Ne4
Rad8 16.Rad1 Bxe4 17.Bxe4 g5 18.Bc2 gxh4 19.f4 e4 20.Qf2 Ng4 21.Qe2 f5 22.
Qe1 h3 23.gxh3 Qg7 24.hxg4 Qxg4+ 25.Qg3 Qxg3+ 26.hxg3 Nf6 27.Kf2 Ng4+ 28.
Ke2 Kf7 29.Rd5 Rxd5 30.cxd5 c4 31.Ba4 a6 32.Bc6 Rd8 33.a4 Nf6 34.Rd1 Ke7 
35.Rd4 Kd6 36.Rxc4 Nxd5 37.Bxd5 Kxd5 38.Rd4+ 1-0

[Event "XIII American Continental"]
[Site "Montevideo URU"]
[Date "2018.06.09"]
[Round "10"]
[White "Ribeiro, Gilnei Guedes"]
[Black "Macias Araya, Javier"]
[Result "0-1"]
[WhiteElo "1445"]
[BlackElo "1378"]
[EventDate "2018.06.01"]
[PlyCount "38"]

1.d4 Nf6 2.Bf4 e6 3.e3 c5 4.c3 d5 5.Nf3 Nc6 6.Nbd2 Bd6 7.Bg3 O-O 8.Bd3 c4 
9.Bc2 a5 10.a4 Re8 11.Ne5 Qc7 12.f4 Ne7 13.b3 cxb3 14.Nxb3 Qxc3+ 15.Kf2 
Bxe5 16.fxe5 Ng4+ 17.Kf3 Nxe3 18.Qd3 Qxc2 19.Qxe3 Nf5 0-1

[Event "XIII American Continental"]
[Site "Montevideo URU"]
[Date "2018.06.10"]
[Round "11"]
[White "Shankland, Samuel"]
[Black "Sosa, Tomas"]
[Result "1-0"]
[WhiteElo "2717"]
[BlackElo "2453"]
[EventDate "2018.06.01"]
[PlyCount "66"]

1.d4 d5 2.c4 e6 3.Nf3 Nf6 4.Nc3 Bb4 5.Qb3 a5 6.a3 Be7 7.Bf4 O-O 8.e3 b6 9.
Rc1 Bb7 10.cxd5 Nxd5 11.Nxd5 Bxd5 12.Bc4 Bxf3 13.gxf3 Bd6 14.Bg3 Nd7 15.
Bb5 Nf6 16.Ke2 Nh5 17.Rc6 Nxg3+ 18.hxg3 e5 19.dxe5 Bxe5 20.Bd3 g6 21.Bxg6 
hxg6 22.Rxg6+ Bg7 23.Rh4 a4 24.Qa2 Qd7 25.Rhg4 Qb5+ 26.Ke1 Rad8 27.Rxg7+ 
Kh8 28.R7g5 Rd1+ 29.Kxd1 Qf1+ 30.Kd2 Rd8+ 31.Rd5 Qxf2+ 32.Kd3 Qf1+ 33.Ke4 
f5+ 1-0

[Event "XIII American Continental"]
[Site "Montevideo URU"]
[Date "2018.06.10"]
[Round "11"]
[White "Flores, Diego"]
[Black "Escalante Ramirez, Brian Sebastian"]
[Result "1/2-1/2"]
[WhiteElo "2614"]
[BlackElo "2422"]
[EventDate "2018.06.01"]
[PlyCount "69"]

1.c4 Nf6 2.g3 g6 3.Bg2 Bg7 4.Nc3 O-O 5.e4 d6 6.Nge2 c5 7.O-O Nc6 8.d3 a6 
9.h3 Rb8 10.a4 Ne8 11.Be3 Nd4 12.Rb1 Nxe2+ 13.Qxe2 Nc7 14.Qd2 b5 15.b4 
bxc4 16.bxc5 Rb3 17.Rxb3 cxb3 18.c6 Be6 19.Nd5 Bxd5 20.exd5 e6 21.Qb4 Qb8 
22.Bb6 Bc3 23.Qxb3 Ba5 24.Rb1 Qxb6 25.Qxb6 Bxb6 26.Rxb6 exd5 27.a5 Kg7 28.
f4 Kf6 29.Kf2 d4 30.Rb4 d5 31.Rxd4 Rb8 32.Ke3 Ke6 33.f5+ Kd6 34.Rh4 h5 35.
Bf3 1/2-1/2

[Event "XIII American Continental"]
[Site "Montevideo URU"]
[Date "2018.06.10"]
[Round "11"]
[White "Cori Tello, Jorge"]
[Black "Hungaski, Robert"]
[Result "1/2-1/2"]
[WhiteElo "2659"]
[BlackElo "2510"]
[EventDate "2018.06.01"]
[PlyCount "65"]

1.d4 d5 2.c4 dxc4 3.e3 e5 4.Bxc4 exd4 5.exd4 Bd6 6.Nf3 Nf6 7.O-O O-O 8.Nc3
Nc6 9.h3 h6 10.a3 Bf5 11.Re1 a6 12.Be3 Qd7 13.d5 Ne5 14.Bf1 Nxf3+ 15.Qxf3 
Rfe8 16.Bd4 Rxe1 17.Rxe1 Re8 18.Rxe8+ Nxe8 19.g4 Bg6 20.Bd3 Bxd3 21.Qxd3 
Bf8 22.Kg2 b5 23.b4 Nd6 24.Bc5 Nc4 25.Ne4 Bd6 26.Nxd6 cxd6 27.Be3 Qe7 28.
Bd4 Qg5 29.Qe4 Qg6 30.Qf3 Qc2 31.h4 f6 32.h5 Kf7 33.Kh2 1/2-1/2

[Event "XIII American Continental"]
[Site "Montevideo URU"]
[Date "2018.06.10"]
[Round "11"]
[White "Cordova Daza, Emilio"]
[Black "Mareco, Sandro"]
[Result "1/2-1/2"]
[WhiteElo "2621"]
[BlackElo "2643"]
[EventDate "2018.06.01"]
[PlyCount "48"]

1.Nf3 d5 2.g3 c5 3.c4 d4 4.e3 Nc6 5.exd4 cxd4 6.Bg2 Nf6 7.O-O e5 8.d3 Nd7 
9.Na3 Be7 10.Nc2 O-O 11.a3 a5 12.Bd2 Nc5 13.Bxa5 Nxa5 14.b4 e4 15.dxe4 Be6
16.bxc5 Bxc4 17.Re1 d3 18.Ne3 Bxc5 19.Nxc4 Nxc4 20.Qb3 Nxa3 21.Red1 b5 22.
Qxd3 Qxd3 23.Rxd3 Rfd8 24.Rd5 Rxd5 1/2-1/2

[Event "XIII American Continental"]
[Site "Montevideo URU"]
[Date "2018.06.10"]
[Round "11"]
[White "Liang, Awonder"]
[Black "Mekhitarian, Krikor Sevag"]
[Result "1/2-1/2"]
[WhiteElo "2571"]
[BlackElo "2546"]
[EventDate "2018.06.01"]
[PlyCount "104"]

1.b3 c5 2.Bb2 Nc6 3.e3 Nf6 4.Nf3 g6 5.Bb5 Bg7 6.O-O O-O 7.Bxc6 bxc6 8.c4 
d6 9.d4 Nh5 10.Nc3 cxd4 11.exd4 Qc7 12.Re1 Bg4 13.d5 Qa5 14.h3 Bxf3 15.
Qxf3 cxd5 16.cxd5 Rac8 17.Na4 Rfe8 18.Bxg7 Kxg7 19.Nb2 Nf6 20.Red1 Qb5 21.
Rd2 Qb4 22.Qe2 Qe4 23.Qxe4 Nxe4 24.Rd4 Nc3 25.Rd3 Rc5 26.b4 Ne2+ 27.Kf1 
Rc2 28.Nd1 Nc1 29.Ra3 Rc7 30.Ke1 Rec8 31.Ne3 f5 32.g3 Kf6 33.Kd2 Ke5 34.b5
g5 35.f4+ gxf4 36.gxf4+ Kxf4 37.Ra6 Ke4 38.Rc6 Nd3 39.Nxf5 Nb4 40.Nxe7 
Nxc6 41.Nxc8 Kxd5 42.Nxa7 Nxa7 43.b6 Rb7 44.bxa7 Rxa7 45.a4 Kc4 46.Ke3 
Re7+ 47.Kf3 d5 48.a5 Ra7 49.a6 Kb5 50.Ke3 Rxa6 51.Rxa6 Kxa6 52.Kd4 Kb7 
1/2-1/2

[Event "XIII American Continental"]
[Site "Montevideo URU"]
[Date "2018.06.10"]
[Round "11"]
[White "Di Berardino, Diego Rafael"]
[Black "Pichot, Alan"]
[Result "1/2-1/2"]
[WhiteElo "2525"]
[BlackElo "2564"]
[EventDate "2018.06.01"]
[PlyCount "86"]

1.e4 c5 2.Nf3 Nc6 3.Nc3 Nf6 4.Bb5 Qc7 5.d3 g6 6.O-O Bg7 7.Re1 e5 8.Bg5 d6 
9.Bxf6 Bxf6 10.Nd5 Qd8 11.c3 Bg7 12.a4 O-O 13.Bc4 Kh8 14.h3 f5 15.b4 cxb4 
16.Nxb4 g5 17.exf5 Bxf5 18.Bd5 g4 19.hxg4 Bxg4 20.Qb3 Qd7 21.Ng5 Qf5 22.
Ne4 Qg6 23.Nc2 Ne7 24.Ne3 Nxd5 25.Qxd5 Bf3 26.Kf1 Bh5 27.Kg1 Rad8 28.Ng3 
Bh6 29.Nxh5 Qxh5 30.Nf1 Qh4 31.Ra2 b6 32.Re4 Qh5 33.Rae2 Bf4 34.g3 Bh6 35.
c4 Qf3 36.Nh2 Qf5 37.Ng4 Bf4 38.Ne3 Qh3 39.Ng2 Bg5 40.a5 bxa5 41.Qxa5 Rd7 
42.Qd5 Rf6 43.Rb2 Rh6 1/2-1/2

[Event "XIII American Continental"]
[Site "Montevideo URU"]
[Date "2018.06.10"]
[Round "11"]
[White "Cori Quispe, Kevin Joel"]
[Black "Vera Siguenas, Deivy"]
[Result "1-0"]
[WhiteElo "2468"]
[BlackElo "2516"]
[EventDate "2018.06.01"]
[PlyCount "107"]

1.e4 c6 2.d4 d5 3.Nc3 dxe4 4.Nxe4 Bf5 5.Ng3 Bg6 6.h4 h6 7.Nf3 Nd7 8.h5 Bh7
9.Bd3 Bxd3 10.Qxd3 Qc7 11.Bd2 e6 12.O-O-O Ngf6 13.Ne4 O-O-O 14.g3 Nxe4 15.
Qxe4 Bd6 16.Kb1 Kb8 17.c4 Nf6 18.Qe2 c5 19.Bc3 Rd7 20.dxc5 Qxc5 21.Ne5 
Bxe5 22.Bxe5+ Kc8 23.Rxd7 Kxd7 24.Rd1+ Kc8 25.Rd4 Rd8 26.Rf4 Qe7 27.Qe3 
Nd7 28.Bc3 a6 29.c5 e5 30.c6 bxc6 31.Qe2 Kb7 32.Rb4+ Nb6 33.Qxe5 Qxe5 34.
Bxe5 c5 35.Rg4 g5 36.hxg6 h5 37.Rg5 fxg6 38.Rxg6 Rd2 39.Rf6 Re2 40.Rf5 Nc4
41.Bc3 Nd6 42.Rxc5 Rxf2 43.Rxh5 Rg2 44.Rh7+ Kc6 45.Ra7 Kb6 46.Rg7 Ne4 47.
Be5 Kc5 48.Bf4 Kc4 49.b3+ Kc3 50.Rc7+ Kd3 51.Rd7+ Ke2 52.b4 Kf3 53.Rd3+ 
Kg4 54.Ra3 1-0

[Event "XIII American Continental"]
[Site "Montevideo URU"]
[Date "2018.06.10"]
[Round "11"]
[White "Quintiliano Pinto, Renato Rodrigues"]
[Black "Salinas Herrera, Pablo"]
[Result "0-1"]
[WhiteElo "2423"]
[BlackElo "2463"]
[EventDate "2018.06.01"]
[PlyCount "92"]

1.d4 d5 2.c4 e6 3.Nf3 Nf6 4.Nc3 c6 5.e3 Nbd7 6.Qc2 Bd6 7.b3 O-O 8.Be2 b6 
9.O-O Bb7 10.Bb2 Qe7 11.Rad1 Rad8 12.Rfe1 Rfe8 13.Bf1 e5 14.dxe5 Nxe5 15.
Nd4 Bb8 16.cxd5 cxd5 17.h3 Rc8 18.Rc1 g6 19.Bb5 Ned7 20.Qe2 Qd6 21.f4 Qf8 
22.Qf1 Bd6 23.g4 Re7 24.g5 Nh5 25.Qf3 a6 26.Bf1 Nc5 27.Nxd5 Re4 28.Rxc5 
Rxc5 29.Qxe4 Bxd5 30.Qd3 Qe7 31.Ne2 Be4 32.Qd4 Rxg5+ 33.Kh2 f6 34.Nc3 Bb7 
35.Rd1 Bc7 36.Bc4+ Kg7 37.Rg1 Nxf4 38.exf4 Rxg1 39.Ne4 Rh1+ 40.Kxh1 Qxe4+ 
41.Qxe4 Bxe4+ 42.Kg1 b5 43.Be6 Bxf4 44.Bc8 a5 45.Ba6 Bc6 46.Bc3 Bc7 0-1

[Event "XIII American Continental"]
[Site "Montevideo URU"]
[Date "2018.06.10"]
[Round "11"]
[White "Morovic Fernandez, Ivan"]
[Black "Xiong, Jeffery"]
[Result "0-1"]
[WhiteElo "2513"]
[BlackElo "2656"]
[EventDate "2018.06.01"]
[PlyCount "108"]

1.d4 Nf6 2.c4 g6 3.Nc3 d5 4.Nf3 Bg7 5.e3 O-O 6.Be2 c5 7.dxc5 dxc4 8.Qa4 
Qc7 9.Qxc4 Be6 10.Qh4 Nbd7 11.e4 Nxc5 12.e5 Nfd7 13.Ng5 h6 14.Nxe6 Nxe6 
15.Bxh6 Qxe5 16.Bxg7 Kxg7 17.O-O-O Nf6 18.Bc4 Rac8 19.Rhe1 Qf4+ 20.Qxf4 
Nxf4 21.Bb3 e6 22.g3 N4d5 23.Bxd5 Nxd5 24.Rd3 Nb4 25.Rd7 Nxa2+ 26.Kc2 Nb4+
27.Kb1 Rfd8 28.Red1 Nd5 29.Rxd8 Rxd8 30.Ne2 g5 31.Rd4 Rh8 32.h4 Kf6 33.Rg4
gxh4 34.gxh4 Ke5 35.Ng1 Kf5 36.Rg5+ Ke4 37.Rg4+ Kf5 38.Rg5+ Kf6 39.Rg4 e5 
40.Ne2 Ke6 41.Ng3 Nf4 42.h5 b5 43.Rh4 f5 44.h6 Rh7 45.b4 Kf6 46.Kc2 Kg5 
47.Rh1 Ne6 48.Kd3 Nd4 49.Rg1 Nf3 50.Rh1 Nd4 51.Rg1 Nc6 52.Kc3 Rxh6 53.Ne4+
Kf4 54.Ng5 Nd4 0-1

[Event "XIII American Continental"]
[Site "Montevideo URU"]
[Date "2018.06.10"]
[Round "11"]
[White "Rodriguez Vila, Andres"]
[Black "Cruz Sanchez, Cristhian"]
[Result "0-1"]
[WhiteElo "2483"]
[BlackElo "2576"]
[EventDate "2018.06.01"]
[PlyCount "100"]

1.e4 e5 2.Nf3 Nc6 3.Bc4 Nf6 4.d3 Be7 5.O-O O-O 6.Re1 d6 7.a4 Kh8 8.a5 a6 
9.c3 Ng8 10.Qb3 f5 11.exf5 Rxf5 12.Nbd2 Nf6 13.Be6 Bxe6 14.Qxe6 Qd7 15.
Qxd7 Nxd7 16.d4 exd4 17.Nxd4 Re5 18.Rxe5 Ndxe5 19.Ne6 Rc8 20.b4 Nd3 21.Ba3
Kg8 22.Nf3 Bf6 23.Rd1 Nde5 24.Nd2 Kf7 25.Nf4 Bg5 26.Nd5 Bxd2 27.Rxd2 Nc4 
28.Ra2 Ne7 29.Nxe7 Kxe7 30.Bc1 Kd7 31.Re2 c5 32.Bf4 Re8 33.Rxe8 Kxe8 34.h4
Kd7 35.h5 Kc6 36.h6 g6 37.Kh2 cxb4 38.cxb4 d5 39.Bg5 d4 40.Kg1 d3 41.Kf1 
Kb5 42.Be7 Ka4 43.Ke1 Kb3 44.Kd1 Kc3 45.Bf6+ Kxb4 46.Bd8 Kc5 47.Ke1 Kd4 
48.Bf6+ Ke4 49.Bc3 g5 50.f3+ Ke3 0-1

[Event "XIII American Continental"]
[Site "Montevideo URU"]
[Date "2018.06.10"]
[Round "11"]
[White "Erenburg, Sergey"]
[Black "Hoffman, Alejandro"]
[Result "1-0"]
[WhiteElo "2563"]
[BlackElo "2475"]
[EventDate "2018.06.01"]
[PlyCount "69"]

1.e4 e5 2.Nf3 d6 3.d4 exd4 4.Nxd4 Nf6 5.Nc3 Be7 6.g3 O-O 7.Bg2 c6 8.O-O 
Re8 9.b3 Bf8 10.Bb2 a5 11.Qd2 Na6 12.Rfe1 Nc5 13.h3 g6 14.Rad1 Bg7 15.g4 
Qb6 16.Kh1 Bd7 17.f4 Rad8 18.g5 Nh5 19.Nde2 Bc8 20.Qe3 Qc7 21.Qf2 b5 22.e5
Bf8 23.Nd4 dxe5 24.Nxc6 Rxd1 25.Nxd1 Nxf4 26.Bxe5 Nxh3 27.Qg3 Qd7 28.Ne3 
Qd2 29.Rf1 Bg7 30.Nd5 Bxe5 31.Nce7+ Rxe7 32.Nxe7+ Kf8 33.Qxe5 Bb7 34.Bxb7 
Nxb7 35.Nd5 1-0

[Event "XIII American Continental"]
[Site "Montevideo URU"]
[Date "2018.06.10"]
[Round "11"]
[White "Colas, Joshua"]
[Black "Perez Ponsa, Federico"]
[Result "1/2-1/2"]
[WhiteElo "2285"]
[BlackElo "2556"]
[EventDate "2018.06.01"]
[PlyCount "78"]

1.Nf3 Nf6 2.c4 g6 3.g3 Bg7 4.Bg2 O-O 5.d4 d5 6.O-O Nc6 7.cxd5 Nxd5 8.e3 
Nb6 9.Nc3 Re8 10.b3 e5 11.dxe5 Nxe5 12.Nxe5 Bxe5 13.Bb2 c6 14.Qxd8 Rxd8 
15.Rfd1 Bg4 16.f3 Be6 17.f4 Bg7 18.Rxd8+ Rxd8 19.Rd1 Ra8 20.Rd2 f5 21.e4 
a5 22.exf5 gxf5 23.Re2 Kf7 24.Bf3 Bd4+ 25.Kg2 Bxc3 26.Bxc3 Nd5 27.Bxd5 
Bxd5+ 28.Kf2 a4 29.Bb4 Be6 30.bxa4 Rxa4 31.a3 b6 32.Bd6 c5 33.Rb2 Rxa3 34.
Rxb6 Ra2+ 35.Ke3 Rxh2 36.Bxc5 Rg2 37.Rb7+ Kg6 38.Rb6 Kf7 39.Rb7+ Kg6 
1/2-1/2

[Event "XIII American Continental"]
[Site "Montevideo URU"]
[Date "2018.06.10"]
[Round "11"]
[White "Martinez Alcantara, Jose Eduardo"]
[Black "Tristan, Leonardo"]
[Result "1-0"]
[WhiteElo "2539"]
[BlackElo "2459"]
[EventDate "2018.06.01"]
[PlyCount "83"]

1.e4 e5 2.Nf3 Nc6 3.Bb5 a6 4.Ba4 Nf6 5.O-O b5 6.Bb3 Be7 7.Re1 d6 8.c3 O-O 
9.h3 Na5 10.Bc2 c5 11.d4 Nd7 12.a4 b4 13.cxb4 cxb4 14.Nbd2 Bb7 15.d5 Rc8 
16.Nf1 b3 17.Bb1 Nc5 18.Ne3 g6 19.Bd2 Rb8 20.Bb4 Bc8 21.Qd2 Nab7 22.a5 Bd7
23.Ra3 Bb5 24.Rc1 Rc8 25.Kh2 Qd7 26.g4 Qd8 27.Nf1 Bf6 28.Ng3 Bg7 29.Kg2 
Qf6 30.Rh1 Qf4 31.Qd1 f5 32.gxf5 gxf5 33.Bd2 fxe4 34.Bxf4 exf3+ 35.Kh2 
exf4 36.Nf5 Bxb2 37.Rxb3 Nxb3 38.Qxb3 Bf6 39.Qxf3 Rc3 40.Qh5 Rc7 41.Rg1+ 
Kh8 42.Ng7 1-0

[Event "XIII American Continental"]
[Site "Montevideo URU"]
[Date "2018.06.10"]
[Round "11"]
[White "Gemy Vargas, Jose Daniel"]
[Black "El Debs, Felipe De Cresce"]
[Result "0-1"]
[WhiteElo "2393"]
[BlackElo "2537"]
[EventDate "2018.06.01"]
[PlyCount "74"]

1.e4 c5 2.Nf3 e6 3.g3 Nc6 4.Bg2 Nf6 5.Nc3 a6 6.O-O d6 7.d4 cxd4 8.Nxd4 Bd7
9.Nde2 Be7 10.h3 b5 11.a3 Rc8 12.Be3 Ne5 13.b3 Bc6 14.f4 Ned7 15.g4 g6 16.
Qd4 O-O 17.e5 dxe5 18.fxe5 Bc5 19.Qf4 Qb6 20.Nd4 Bxg2 21.Kxg2 Qb7+ 22.Nf3 
Bxe3 23.Qxe3 Nd5 24.Nxd5 Rxc2+ 25.Kg3 Qxd5 26.Rad1 Qb7 27.Kh4 Kg7 28.Ng5 
Nc5 29.b4 h6 30.Nxf7 Qe7+ 31.g5 Rc4+ 32.Rd4 Rxf7 33.Rxf7+ Kxf7 34.Rxc4 
Qxg5+ 35.Qxg5 hxg5+ 36.Kg3 bxc4 37.bxc5 c3 0-1

[Event "XIII American Continental"]
[Site "Montevideo URU"]
[Date "2018.06.10"]
[Round "11"]
[White "Vazquez Colman, Guillermo"]
[Black "Alonso, Salvador"]
[Result "1-0"]
[WhiteElo "2436"]
[BlackElo "2519"]
[EventDate "2018.06.01"]
[PlyCount "61"]

1.d4 d5 2.c4 c6 3.Nf3 Nf6 4.e3 Bf5 5.Nc3 e6 6.Nh4 Bg6 7.Be2 Nbd7 8.O-O Ne4
9.g3 Be7 10.Nxg6 hxg6 11.Nxe4 dxe4 12.c5 Nf6 13.b4 Qd5 14.f3 e5 15.fxe4 
Nxe4 16.Bf3 f5 17.Bb2 a5 18.Qb3 axb4 19.Qxb4 Kf7 20.Be2 b5 21.Bd1 Rxh2 22.
Kxh2 Rh8+ 23.Kg2 Ng5+ 24.Bf3 Nxf3 25.Rxf3 Qe4 26.Qb3+ Kf8 27.Rf1 g5 28.Kg1
g6 29.Qe6 g4 30.Rxf5+ gxf5 31.Rxf5+ 1-0

[Event "XIII American Continental"]
[Site "Montevideo URU"]
[Date "2018.06.10"]
[Round "11"]
[White "Terry Lujan, Renato Alfredo"]
[Black "Panjwani, Raja"]
[Result "1-0"]
[WhiteElo "2503"]
[BlackElo "2456"]
[EventDate "2018.06.01"]
[PlyCount "81"]

1.d4 Nf6 2.Nf3 e6 3.c4 d5 4.e3 b6 5.b3 Bb7 6.Bb2 Bd6 7.Bd3 Nbd7 8.O-O O-O 
9.Ne5 c5 10.Nd2 cxd4 11.exd4 dxc4 12.Nxd7 Nxd7 13.bxc4 Qc7 14.h3 e5 15.Qc2
h6 16.d5 Nc5 17.Bf5 Bc8 18.Rae1 Bxf5 19.Qxf5 Rae8 20.Re3 g6 21.Qc2 f5 22.
Nf3 Kh7 23.Kh1 a6 24.g3 e4 25.Nd4 f4 26.gxf4 Bxf4 27.Ra3 Qd7 28.Rg1 Be5 
29.Re3 Nd3 30.Rg2 Bxd4 31.Bxd4 Rf3 32.Rxf3 exf3 33.Rg3 Qf5 34.Qb3 b5 35.
cxb5 Qe4 36.Qc3 Qe2 37.Qc6 Qe4 38.Qf6 Ne5 39.Bxe5 Rxe5 40.Qf7+ Kh8 41.Rxg6
1-0

[Event "XIII American Continental"]
[Site "Montevideo URU"]
[Date "2018.06.10"]
[Round "11"]
[White "Lujan, Carolina"]
[Black "Henriquez Villagra, Cristobal"]
[Result "0-1"]
[WhiteElo "2341"]
[BlackElo "2518"]
[EventDate "2018.06.01"]
[PlyCount "128"]

1.e4 c5 2.g3 d6 3.Bg2 g6 4.Ne2 Bg7 5.O-O Nc6 6.d3 h5 7.h4 Bg4 8.f3 Bd7 9.
c3 e5 10.a3 Qb6 11.Kh1 Be6 12.c4 Nge7 13.Nbc3 a5 14.Nd5 Qd8 15.Bd2 O-O 16.
Rb1 Bd7 17.Nec3 Nxd5 18.Nxd5 Be6 19.Bg5 f6 20.Bd2 Nd4 21.Nc3 a4 22.Ne2 Nb3
23.Be3 Qd7 24.Nc3 Rf7 25.Kh2 Kh7 26.Rf2 Nd4 27.Qf1 Raf8 28.Bh3 f5 29.f4 
Bh6 30.Re1 fxe4 31.Nxe4 exf4 32.gxf4 Nf5 33.Bxc5 Qd8 34.Ng5+ Bxg5 35.hxg5 
dxc5 36.Rxe6 Nd4 37.Re5 Qc7 38.Re4 Re7 39.Qg2 Rxe4 40.Qxe4 Rf7 41.Kh1 Re7 
42.Qd5 Re1+ 43.Kg2 Re3 44.Bd7 Kg7 45.Bxa4 Re7 46.Bd1 Nf5 47.Kh2 Ne3 48.Qh1
Rf7 49.Qf3 Ng4+ 50.Kg3 Nxf2 51.Qxf2 Rf5 52.d4 Rxg5+ 53.Kh3 Rf5 54.dxc5 Qd7
55.Bf3 Rxf4+ 56.Kg3 Rxc4 57.b4 Qf5 58.Qe3 h4+ 59.Kh2 Rc2+ 60.Kg1 Qf6 61.
Qd3 Qg5+ 62.Kf1 Qc1+ 63.Qd1 Qxd1+ 64.Bxd1 Rc1 0-1

[Event "XIII American Continental"]
[Site "Montevideo URU"]
[Date "2018.06.10"]
[Round "11"]
[White "Muniz, Rafael"]
[Black "Roselli Mailhe, Bernardo"]
[Result "0-1"]
[WhiteElo "2290"]
[BlackElo "2433"]
[EventDate "2018.06.01"]
[PlyCount "86"]

1.e4 g6 2.d4 Bg7 3.Nc3 d6 4.f4 c6 5.Nf3 d5 6.e5 b5 7.Bd3 Na6 8.a4 b4 9.Ne2
Nc7 10.O-O h5 11.Nh4 Nh6 12.f5 Nxf5 13.Nxf5 Bxf5 14.Bxf5 gxf5 15.Rxf5 Qd7 
16.Rf3 Ne6 17.Ng3 c5 18.c3 cxd4 19.cxd4 Bh6 20.Bxh6 Rxh6 21.Qd2 Rg6 22.
Qxb4 Rg4 23.Raf1 Rxd4 24.Qb3 h4 25.Nh5 Rc4 26.Rxf7 O-O-O 27.a5 Qc6 28.a6 
Nd4 29.Qe3 Qc5 30.Kh1 Nc6 31.Qb3 Qb6 32.Qh3+ Kb8 33.Qe6 Rc2 34.Rf8 Rxb2 
35.Rxd8+ Nxd8 36.Qxd5 Rb1 37.Qd3 Rxf1+ 38.Qxf1 Qe3 39.Nf4 Qxe5 40.Qd1 Kc8 
41.Nd5 Nc6 42.Qg4+ e6 43.Qg8+ Kd7 0-1

[Event "XIII American Continental"]
[Site "Montevideo URU"]
[Date "2018.06.10"]
[Round "11"]
[White "Campora, Daniel Hugo"]
[Black "Aranha Filho, Alvaro Zimmermann"]
[Result "1-0"]
[WhiteElo "2424"]
[BlackElo "2304"]
[EventDate "2018.06.01"]
[PlyCount "95"]

1.e4 c5 2.Nf3 Nc6 3.Bb5 g6 4.Bxc6 dxc6 5.d3 Bg7 6.O-O Nf6 7.h3 Nd7 8.Qe2 
e5 9.Be3 Qe7 10.a3 Nf8 11.c3 Ne6 12.b4 O-O 13.Nbd2 cxb4 14.axb4 Nf4 15.
Bxf4 exf4 16.d4 f5 17.Rfe1 fxe4 18.Qxe4 Qd8 19.Qe7 Qxe7 20.Rxe7 Bf6 21.Re2
Bf5 22.Ne4 Bxe4 23.Rxe4 Bd8 24.Re2 h6 25.Kf1 Bc7 26.Rea2 a6 27.Ke2 Rfe8+ 
28.Kd3 Rad8 29.Re2 Rxe2 30.Kxe2 Kf7 31.Kd3 Kf6 32.Nd2 Bb6 33.Re1 g5 34.Re5
Kf7 35.Ne4 Bc7 36.Rf5+ Kg6 37.Rf6+ Kg7 38.Re6 Rf8 39.Re7+ Rf7 40.Rxf7+ 
Kxf7 41.Nc5 b6 42.Nxa6 Bd8 43.Nb8 c5 44.Nc6 Bc7 45.dxc5 bxc5 46.bxc5 Ke6 
47.Ke4 h5 48.f3 1-0

[Event "XIII American Continental"]
[Site "Montevideo URU"]
[Date "2018.06.10"]
[Round "11"]
[White "Thavandiran, Shiyam"]
[Black "Gauche, Charles"]
[Result "0-1"]
[WhiteElo "2417"]
[BlackElo "2235"]
[EventDate "2018.06.01"]
[PlyCount "104"]

1.e4 e5 2.Bc4 Nf6 3.d3 Nc6 4.Nc3 Bb4 5.Nf3 d5 6.exd5 Nxd5 7.O-O Nxc3 8.
bxc3 Bxc3 9.Ng5 f6 10.Nf7 Qe7 11.Nxh8 Bxa1 12.Ba3 Qxa3 13.Qh5+ Kd8 14.Qxh7
Qf8 15.Rxa1 Na5 16.Bd5 c6 17.Ng6 Bf5 18.Be4 Bxg6 19.Qxg6 Kc7 20.f4 Rd8 21.
fxe5 Qc5+ 22.Kh1 Qxe5 23.Qxg7+ Rd7 24.Qg3 Qxg3 25.hxg3 c5 26.Rf1 Rd6 27.
Rf5 b6 28.g4 Nc6 29.g5 fxg5 30.c3 g4 31.Rg5 g3 32.Rxg3 b5 33.Rg7+ Kb6 34.
Rg6 Rxg6 35.Bxg6 b4 36.cxb4 cxb4 37.Kg1 a5 38.Kf2 a4 39.Ke3 b3 40.a3 Kc5 
41.Kd2 Nd4 42.Kc3 Ne2+ 43.Kb2 Kd4 44.g4 Nc3 45.g5 Nd1+ 46.Kc1 Ne3 47.Kb2 
Nd1+ 48.Kc1 Ne3 49.Kb1 Kc3 50.d4 Nc4 51.Bf5 Nxa3+ 52.Kc1 Nc2 0-1

[Event "XIII American Continental"]
[Site "Montevideo URU"]
[Date "2018.06.10"]
[Round "11"]
[White "Santarius, Erik"]
[Black "Carbone, Diego"]
[Result "1-0"]
[WhiteElo "2387"]
[BlackElo "2242"]
[EventDate "2018.06.01"]
[PlyCount "169"]

1.d4 Nf6 2.c4 g6 3.Nc3 d5 4.cxd5 Nxd5 5.g3 Bg7 6.Bg2 Nxc3 7.bxc3 c5 8.Nf3 
Nc6 9.O-O cxd4 10.cxd4 Nxd4 11.Nxd4 Qxd4 12.Rb1 O-O 13.Be3 Qc4 14.Bd5 Qa6 
15.Qb3 Qxe2 16.Bc5 Be6 17.Bxe6 Qxe6 18.Qxe6 fxe6 19.Rxb7 Rf5 20.Bxa7 Ra5 
21.Be3 Bf6 22.a3 Kf7 23.Bc1 Bd4 24.Rd1 Rd5 25.Rd2 Bc5 26.Rc2 Bd6 27.Rc3 
Rc5 28.Rxc5 Bxc5 29.Rb3 e5 30.Rc3 Bd4 31.Rc6 Ra5 32.Kg2 e4 33.Rc4 e5 34.a4
Ke6 35.Bd2 Ra7 36.a5 Kd5 37.Ra4 Kc5 38.Be1 Kb5 39.Rb4+ Kc5 40.Rb8 Kc4 41.
Kf1 Kd3 42.Rb3+ Kc4 43.Rb1 Kd3 44.Rd1+ Kc2 45.Ke2 Rf7 46.Rd2+ Kb3 47.Rd1 
Kc2 48.Rd2+ Kb3 49.Kd1 Kc4 50.Ra2 Kd3 51.Ra3+ Kc4 52.Ke2 Rb7 53.Ra2 Kb3 
54.a6 Rc7 55.Ra5 Kc4 56.Bd2 Ra7 57.Be3 Ra8 58.a7 Kb4 59.Ra6 Kb5 60.Rd6 Kc5
61.Re6 Kd5 62.Re7 h6 63.g4 Kd6 64.Rg7 Kd5 65.h4 Kc4 66.Rd7 Kc5 67.Bxh6 Kc6
68.Rg7 Bxa7 69.Rxg6+ Kb5 70.Be3 Bd4 71.h5 Kc4 72.h6 Ra2+ 73.Bd2 Bxf2 74.h7
e3 75.h8=Q Rxd2+ 76.Kf1 Rd1+ 77.Kg2 e2 78.Qg8+ Kd3 79.Qb3+ Kd2 80.Qb4+ Kd3
81.Kxf2 Rf1+ 82.Kg2 e1=Q 83.Qb5+ Kd2 84.Rd6+ Kc3 85.Rd3+ 1-0

[Event "XIII American Continental"]
[Site "Montevideo URU"]
[Date "2018.06.10"]
[Round "11"]
[White "Jodorcovsky Werjivker, Paulo"]
[Black "Soto Vega, Jorge"]
[Result "0-1"]
[WhiteElo "2249"]
[BlackElo "2357"]
[EventDate "2018.06.01"]
[PlyCount "106"]

1.d4 Nf6 2.c4 g6 3.Nc3 Bg7 4.e4 d6 5.Nf3 O-O 6.Be2 e5 7.dxe5 dxe5 8.Qxd8 
Rxd8 9.Bg5 c6 10.Nxe5 Re8 11.f4 h6 12.Bh4 Nh7 13.O-O-O Bxe5 14.fxe5 Nd7 
15.e6 fxe6 16.Bg3 e5 17.Rd6 Nhf6 18.Rf1 Kg7 19.b4 Re7 20.Kb2 Ne8 21.Rd2 
Ndf6 22.c5 Bg4 23.Bc4 Nh5 24.Bf2 Nf4 25.Be3 Be6 26.Bxe6 Nxe6 27.Rfd1 Nf6 
28.h3 a5 29.a3 axb4 30.axb4 Nh5 31.Rd7 Re8 32.R1d6 Nef4 33.Rd2 Nf6 34.R7d6
h5 35.Rf2 Ne6 36.b5 Rd7 37.Bg5 Nxg5 38.Rfxf6 Rxd6 39.Rxd6 Nf7 40.Rd7 Rb8 
41.b6 Kf6 42.Kb3 Ng5 43.Rd6+ Kf7 44.Rd7+ Kf8 45.h4 Ne6 46.Kb4 Rd8 47.Rxb7 
Rd4+ 48.Ka3 Nxc5 49.Rb8+ Ke7 50.b7 Rd7 51.Re8+ Kxe8 52.b8=Q+ Kf7 53.Qxe5 
Ra7+ 0-1

[Event "XIII American Continental"]
[Site "Montevideo URU"]
[Date "2018.06.10"]
[Round "11"]
[White "Fernandez Cardoso, Alexey"]
[Black "Teixeira, Ricardo da Silva"]
[Result "0-1"]
[WhiteElo "2429"]
[BlackElo "2235"]
[EventDate "2018.06.01"]
[PlyCount "40"]

1.e4 Nf6 2.e5 Nd5 3.d4 d6 4.c4 Nb6 5.exd6 exd6 6.Nc3 Nc6 7.d5 Ne5 8.Be2 
Qe7 9.b3 g6 10.Be3 Bg7 11.Qd2 O-O 12.Nf3 Bg4 13.Nd4 Bxe2 14.Ndxe2 Rfe8 15.
O-O Nbxc4 16.bxc4 Nxc4 17.Qd3 Nxe3 18.fxe3 Qxe3+ 19.Qxe3 Rxe3 20.Rf3 Rxe2 
0-1